De polo a polo: la historia de la primera inmigración Noruega a Chile

Guardat en:
Dades bibliogràfiques
Autors principals: Contreras Puebla, Paula (Autor), Fonseca, María Cristina da (Autor)
Format: Llibre
Idioma:espanyol
Publicat: Santiago, Chile Real Embajada de Noruega en Chile 2001
Santiago Cuarto Propio 2001
Matèries:
Etiquetes: Afegir etiqueta
Sense etiquetes, Sigues el primer a etiquetar aquest registre!

MARC

LEADER 00000cam a2200000 a 4500
001 UCE4267
003 CL-VaPUC
005 20211019074259.0
008 141016e20011100cl |||||||||||||||||spa|d
999 |c 357291  |d 357289 
020 |a 9562603377 
040 |c Pontificia Universidad Católica de Valparaíso 
082 0 4 |a 325.1 CON 2001  |2 21 
100 0 |a Contreras Puebla, Paula  |e author  |9 576834 
245 1 0 |a De polo a polo:  |b  la historia de la primera inmigración Noruega a Chile 
260 |a Santiago, Chile  |b Real Embajada de Noruega en Chile  |c 2001 
260 |a Santiago  |b Cuarto Propio  |c 2001 
300 |a 134 páginas 
583 |a last modification  |c 20141016 12:02:00  |k Rodrigo Vera 
650 0 |a Inmigración  |z CHILE  |z NORUEGA  |9 268290 
650 7 |a INMIGRACION EUROPEA  |2 CL-VaPUC  |9 504668  |z NORUEGA  |z CHILE 
700 0 |a Fonseca, María Cristina da  |e author  |9 576835 
852 |a BIBCUR 
942 |c BK  |2 ddc 
945 |d 20141016 12:02:00  |a arojas 
952 |0 0  |1 0  |2 ddc  |3 erb  |4 0  |6 325_100000000000000_CON_2001_2001  |7 0  |8 A  |9 465173  |a BIBHIS  |b BIBHIS  |i 5118832  |l 3  |m 4  |o 325.1 CON 2001 2001  |p 5118832  |r 2025-04-21  |s 2025-03-31  |t 1  |w 2019-11-23  |y BK  |z Catalogado en:20141016  |k HIS